000 00978nas a2200277 4500
001 BR7702180
003 BR-BrBNA
005 20231205083149.0
007 ta
008 230509b bl.|||p| |||| 00| 00por d
040 _aBR-BrBNA
_bpor
_cBiblioteca Nacional de Agricultura
041 _a(Pt)
072 _aF30
100 1 _aSegalla, A.L.
100 1 _aOliveira, H. de
100 1 _aEspironelo, A.
100 1 _aIgue, T.
111 1 _a29. Reuniao Anual da Sociedade Brasileira para o Progresso da Ciencia
_cSao Paulo, SP (Brazil)
_d6 Jul 1977
245 1 _aVariedades de cana-de-acucar. Experimentos realizados no periodo de 1970 a 1973; 2: variedades menos promissoras [Sacharum officinarum]
650 _aMelhoramento genetico vegetal
650 _aCana de acucar
650 _aVariedade
773 0 _tCiencia e Cultura (Brazil)
_xISSN 0009-6725
_g(Jul 1977), v. 29(suppl. 7) p. 26-27
_wBR7702180
909 _a202311
_bLúcia
_c55
_dLúcia Elande
942 _2AGRIS
_n0
_cANA
999 _c96835
_d96835